10 największych miast bez stacji kolejowych w Polsce - Statystyki

Ogólne statystyki
  • Ten quiz został rozwiązany 25 razy
  • Średni wynik to 5 z 10
Statystyki odpowiedzi
Hint Odpowiedź % Poprawnych
Woj. Śląskie Jastrzębie-Zdrój
86%
Woj. Łódzkie Bełchatów
55%
Woj. Podlaskie Łomża
55%
Woj. Śląskie Siemianowice Śląskie
55%
Woj. Śląskie Czeladź
36%
Woj. Śląskie Piekary Śląskie
36%
Woj. Zachodniopomorskie Police
36%
Woj. Kujawsko-Pomorskie Świecie
36%
Woj. Mazowieckie Marki
27%
Woj. Wielkopolskie Śrem
27%
Nie znaleziono quizów pasujących do podanych kryteriów
Rozkład punktacji
Procent ludzi z każdym wynikiem
Percentyl według liczby udzielonych odpowiedzi
Twoja historia wyników
Nie rozwiązałeś tego quizu